|
|
|
|
| LEADER |
00000nam a2200000 a 4500 |
| 001 |
vtls010569884 |
| 003 |
SK-MaSNL |
| 005 |
20260302083354.0 |
| 008 |
160429s2013 ja a f 100 0 eng |
| 020 |
|
|
|a (brož.)
|
| 040 |
|
|
|a SNK
|b slo
|c SNK
|e AACR2
|
| 041 |
0 |
|
|a eng
|
| 044 |
|
|
|a ja
|c JP
|
| 072 |
|
7 |
|a 339.7/.9
|x Svetová ekonomika a medzinárodné financie
|2 konspekt
|2 konspekt
|
| 080 |
|
|
|a 339.738
|2 2001
|
| 080 |
|
|
|a 336.74:338.23
|2 2001
|
| 080 |
|
|
|a 336.743(4)
|2 2001
|
| 080 |
|
|
|a 336.7:338.124.4
|2 2001
|
| 080 |
|
|
|a (4)
|2 2001
|
| 080 |
|
|
|a (062.534)
|2 2001
|
| 245 |
0 |
4 |
|a The Euro Crisis and European Political Economy
|b France, Germany and Central Europe : [International Conference and Public Symposium of the Science Council of Japan (SCJ) "The Euro crisis and European politica economy France, Germany and Central Europe"
|c ed. by Robert Boyer, Ivan T. Berend, and Kumiko Haba
|
| 260 |
|
|
|a Tokyo
|b Aoyama Gakuin University
|c 2013
|
| 300 |
|
|
|a 226 s.
|b grafy, ilustr., tab.
|c 22 cm
|
| 610 |
2 |
7 |
|a Európska únia
|2 SNKKA
|9 29861
|
| 650 |
0 |
7 |
|a menová politika
|2 SNKPH
|9 2307
|
| 650 |
0 |
7 |
|a euro
|2 SNKPH
|9 63503
|
| 650 |
0 |
7 |
|a finančná kríza
|2 SNKPH
|9 69874
|
| 650 |
0 |
7 |
|a Monetary policy
|2 SNKPHeng
|9 318826
|
| 650 |
0 |
7 |
|a euro
|2 SNKPHeng
|9 63503
|
| 650 |
0 |
7 |
|a Financial crises
|2 SNKPHeng
|9 325685
|
| 655 |
|
7 |
|a zborníky konferencií
|2 SNKPH
|9 70153
|
| 655 |
|
7 |
|a Proceedings of conferences
|2 SNKPHeng
|9 265791
|
| 700 |
1 |
|
|a Boyer, Robert,
|d 1943-
|4 edt
|9 751282
|
| 700 |
1 |
|
|a Berend, T. Iván,
|d 1930-
|4 edt
|9 356293
|
| 700 |
1 |
|
|a Haba, Kumiko,
|d 1952-
|4 edt
|9 157525
|
| 711 |
2 |
|
|a Euro Crisis and European Political Economy - France, Germany and Central Europe
|d (2013 :
|c Tokio, Japonsko)
|4 aut
|9 751283
|
| 958 |
|
|
|a JP
|
| 999 |
|
|
|c 1183496
|d 1185426
|
| 952 |
|
|
|a SNK
|b SNK
|y VYP
|7 0
|p 17A1094414
|o snkIC 141008
|i snk2014/1424
|8 2
|g 20.00
|0 0
|1 0
|4 0
|d 2014-01-16
|l 0
|r 2026-02-24 21:46:40
|w 2026-02-24
|